000 00480nam a2200181Ia 4500
001 16935
005 20260306170347.0
008 260306t2023||||xx |||||||||||||| ||und||
041 _aESP
082 _a657.3
_bO73A
100 _aOrtega Salavarría, Rosa,
_eAUT
245 0 _aNIIF completas y NIIF para pymes :
_bdinámica contable y efectos tributarios
260 _c2023
300 _a269 páginas :
_c24 cm.
650 _aGEN
654 _aCCO
942 _cLIB
_dJUS
_fJUS
_2ddc
_n
999 _c16935
_d16935